000 00763nam a2200229 i 4500
001 115364
003 ES-MaACL
005 20250825062550.0
007 t|
008 070307s1927 sp ||||1| spa d
080 _a821.134.2(85)-23"19"
080 _a821.134.2(85)-223"19"
100 1 _aSassone, Felipe.
_9103913
245 1 0 _aYo, tú, él... y el otro
_b: momento dramático ; Noche de amor : ensayo de farsa disparatada y antiteatral, inverosímil y pateable /
_cFelipe Sassone.
260 _aMadrid :
_bPrensa Moderna,
_c1927.
300 _a44 p. ;
_c17 cm.
490 1 _aEl Teatro moderno ;
_v105
740 0 _aNoche de amor.
830 0 3 _aEl teatro moderno (Prensa Moderna)
_v105
_9182365
852 _aES-MaACL
_jC-13025
999 _c115364
_d115364